| 000 | 00988cam a22002651 4500 | ||
|---|---|---|---|
| 001 | e 41000074 | ||
| 003 | DLC | ||
| 005 | 20260227111230.0 | ||
| 008 | 821030s1941 nyu s000 0 eng c | ||
| 010 | _ae 41000074 | ||
| 035 | _a(OCoLC)8908841 | ||
| 040 |
_aU.S. Off. of educ. Library _cICarbS _dICarbS _dDLC |
||
| 042 | _apremarc | ||
| 050 | 0 | 0 |
_aLB2351 _b.N45 1941 |
| 082 | _a371.214747 | ||
| 110 | 2 | _aUniversity of the State of New York. | |
| 245 | 1 | 0 | _aSubject requirements for matriculation in colleges and universities of New York state. |
| 250 | _a<Revised March 1941> | ||
| 260 |
_aAlbany, _bThe University of the state of New York press, _c1941. |
||
| 300 |
_a48 p. _c23 cm. |
||
| 490 | 1 |
_aUniversity of the state of New York bulletin ... _vno. 1202 ... December 16, 1940 |
|
| 650 | 0 |
_aUniversities and colleges _xEntrance requirements. |
|
| 650 | 0 |
_aUniversities and colleges _zNew York (State) |
|
| 810 | 2 |
_aUniversity of the State of New York. _tBulletin ; _vno. 1202. |
|
| 999 |
_c21804 _d21804 |
||